BEST NFL RECVIERS OF ALL TIME - Statistics

General Stats
  • This quiz has been taken 54 times
  • The average score is 8 of 15
Answer Stats
Hint Answer % Correct
1 Jerry Rice
100%
2 Randy Moss
96%
3 Calvin Johnson
78%
9 Antinio Brown
63%
6 Larry Fitzgerald
63%
7 Terrell Owens
61%
5 Jilo Jones
57%
4 Marvin Harrison
50%
8 Cris Carter
41%
11 Davante Adams
39%
14 Steve Largent
37%
12 Issac Bruce
28%
10 DeAndre Hopkins
26%
13 Don Hutson
17%
15 Lance Alworth
15%
No matching quizzes found
Score Distribution
Percent of People with Each Score
Percentile by Number Answered
Your Score History
You have not taken this quiz